000 00257nam a2200109Ia 4500
008 220204s9999 xx 000 0 und d
082 _a82-3
_bKID
100 _aKidd, Flora
245 0 _aTogether again
260 _aLondon
_bMills and Boon
_c1979
942 _cBK
999 _c35647
_d35647